Evidenční nomenklatura v oběhu zboží.
Identifikačná a klasifikačná funkcia evidenčnej nomenklatúry v obehu tovarov. Využitie medzinárodných číselných systémov označovania tovarov v systéme EAN. Návrh na identifikáciu tovarov v skladovej evidencii a využitie kódu DUN14. Klasifikačné, matričné a premenné údaje.
Uložené v:
| Hlavný autor: | |
|---|---|
| Médium: | Kapitola |
| Jazyk: | Czech |
| Predmet: | |
| Tagy: |
Žiadne tagy, Buďte prvý, kto otaguje tento záznam!
|
MARC
| LEADER | 00000naa a2200000 4500 | ||
|---|---|---|---|
| 001 | r005165 | ||
| 005 | 20221125080413.6 | ||
| 041 | 0 | |a cze | |
| 044 | |a [CS] | ||
| 245 | 1 | 0 | |a Evidenční nomenklatura v oběhu zboží. |c J. Duben |
| 520 | |a Identifikačná a klasifikačná funkcia evidenčnej nomenklatúry v obehu tovarov. Využitie medzinárodných číselných systémov označovania tovarov v systéme EAN. Návrh na identifikáciu tovarov v skladovej evidencii a využitie kódu DUN14. Klasifikačné, matričné a premenné údaje. | ||
| 610 | 2 | 0 | |a obeh |
| 610 | 2 | 0 | |a kódy čiarové |
| 610 | 2 | 0 | |a evidencia skladová |
| 610 | 2 | 0 | |a DUN14 |
| 610 | 2 | 0 | |a tovar |
| 100 | 1 | |a Duben, J. | |